| 000 | 01047nam a2200301Ia 4500 | ||
|---|---|---|---|
| 001 | Para_575 | ||
| 003 | CHAP | ||
| 008 | 220125s1993 xx 000 0 und d | ||
| 010 | _a199335 | ||
| 040 | _cCHAP | ||
| 090 | _aPA TESIS 649 | ||
| 100 |
_aAguilar Becerra, Juan José _92655 |
||
| 245 |
_aEfecto de cuatro surfactantes en la retención de paration metilico en hojas de naranjo (Citrus sinensis L. Osbeck) asperjadas a volumen alto / _c por Juan José Aguilar Becerra |
||
| 260 |
_aChapingo, Méx. : _b el autor |
||
| 300 | _a52 h. | ||
| 502 | _aTesis (Ing. Agr. Esp. en Parasitología Agrícola) -- UACh. Departamento Parastología Agrícola | ||
| 650 |
_aNaranja _980130 |
||
| 650 |
_aParatión _985481 |
||
| 650 |
_aResiduos químicos _x efecto en cultivos _996151 |
||
| 710 |
_aUACh. Departamento Parasitología Agrícola _9164025 |
||
| 901 | _aPA TESIS 649 | ||
| 902 | _aA | ||
| 905 | _a0000001993 0000000000 00 | ||
| 910 | _a1993 | ||
| 942 | _cPARA | ||
| 942 |
_cPARA _d1 |
||
| 999 |
_c199335 _d199335 |
||